000 00614cam a22002051 4500
001 af 47000894
003 DLC
005 20260227110805.0
008 890517s1943 gw 000 1 ger c
010 _aaf 47000894
035 _a(OCoLC)19720572
040 _aCalifornia. Univ. Libr.
_cCU
_dDLC
042 _apremarc
050 0 0 _aPT2631.E48
_bD9
100 1 _aPersich, Walter,
_d1904-1955.
245 1 0 _aDynamit in Konia,
_broman vom anatolischen bahnbau,
_cvon Christoph Walter Drey [pseud.]
260 _aLeipzig,
_bLipsia-verlag Friedrich & co.
_c[1943]
300 _a208 p.
_c19 cm.
500 _a"3. auflage."
999 _c1010
_d1010